000 00243nam a2200097Ia 4500
005 20251222114348.0
008 251222s1900||||xx |||||||||||||| ||spa||
082 _aDVD0060/M12/2004
245 0 _aEl delincuente:The delicate delinquent
942 _cDVD
999 _c1125
_d1125